00639cam a22002291 4500001001300000003000400013005001700017008004100034010001700075025002000092035002000112040001900132042001200151050001900163100004100182245005000223260002100273300003200294504003300326650003300359999001700392sa 64005146 DLC20260227112030.0840919s1964 pk 000 0 eng  asa 64005146  aPl480 : P-E-489 a(OCoLC)11172558 aDLCcCoDUdDLC apremarc00aHG3290.5b.M431 aMeenai, S. A.q(Saeed Ahmed),d1924-10aBanking system of Pakistan,cby S. A. Meenai. a[Karachi?c1964] aiii, 147 p.billus.c22 cm. aBibliography : p. [146]-147. 0aBanks and bankingzPakistan. c58968d58968